[Event "Berlin Eckbauer op 16th"]
[Site "Berlin"]
[Date "2013.11.11"]
[Round "6"]
[White "Rohrbach, Stephan"]
[Black "Landt, Stefan"]
[Result "0-1"]
[WhiteElo "1858"]
[BlackElo "1927"]
[PlyCount "90"]
[EventDate "2013.10.07"]
[EventType "swiss"]
[EventRounds "7"]
[EventCountry "GER"]
[SourceTitle "EXT 2022"]
[Source "ChessBase"]
[SourceDate "2021.10.06"]
[SourceVersion "1"]
[SourceVersionDate "2021.10.06"]
[SourceQuality "1"]

1. d4 Nf6 2. Nf3 e6 3. e3 d5 4. Bd3 Nbd7 5. b3 Bb4+ 6. Bd2 Qe7 7. 0-0 0-0 8. Bxb4 Qxb4 9. c4 c6 10. Qc2 Qd6 11. Nc3 dxc4 12. bxc4 e5 13. Rad1 exd4 14. exd4 Re8 15. Rfe1 Rxe1+ 16. Rxe1 Nf8 17. c5 Qd8 18. Bc4 Be6 19. Ne4 Nxe4 20. Rxe4 Bf5 21. Ne5 Qf6 22. Nxf7 Bxe4 23. Qxe4 Ng6 24. g3 Kf8 25. Nd6 Rd8 26. Be6 Ne7 27. f4 g6 28. g4 Nd5 29. Bxd5 cxd5 30. Qe5 Qxe5 31. dxe5 Ke7 32. Kf2 Rd7 33. Ke3 b6 34. cxb6 axb6 35. Nc8+ Ke6 36. Nxb6 Ra7 37. a4 Ra6 38. a5 Rxa5 39. Nc8 Ra3+ 40. Kd4 Ra4+ 41. Ke3 Ra3+ 42. Kd4 Rf3 43. f5+ gxf5 44. gxf5+ Rxf5 45. Nd6 Rxe5 0-1

[Event "Berlin Eckbauer op 16th"]
[Site "Berlin"]
[Date "2013.10.14"]
[Round "2"]
[White "Rohrbach, Stephan"]
[Black "Kohler, Thomas"]
[Result "0-1"]
[WhiteElo "1858"]
[BlackElo "2239"]
[PlyCount "98"]
[EventDate "2013.10.07"]
[EventType "swiss"]
[EventRounds "7"]
[EventCountry "GER"]
[SourceTitle "EXT 2022"]
[Source "ChessBase"]
[SourceDate "2021.10.06"]
[SourceVersion "1"]
[SourceVersionDate "2021.10.06"]
[SourceQuality "1"]

1. d4 Nf6 2. Nf3 c5 3. d5 b5 4. e3 Bb7 5. c4 g6 6. cxb5 Bxd5 7. Nc3 Bb7 8. e4 Nxe4 9. Nxe4 Bxe4 10. Ng5 Bb7 11. Qc2 Bg7 12. Qxc5 0-0 13. Bd3 d5 14. a4 Nd7 15. Qb4 Ne5 16. Ra3 Rc8 17. 0-0 Nxd3 18. Rxd3 e5 19. Rc3 d4 20. Rxc8 Qxc8 21. Qe7 h6 22. Nf3 e4 23. Ne5 Bd5 24. Nd7 Qd8 25. Qxd8 Rxd8 26. Nc5 f5 27. Bd2 g5 28. Re1 Rc8 29. b4 Bf8 30. Nd7 Be7 31. Rc1 Rxc1+ 32. Bxc1 Kf7 33. Nc5 Ke8 34. g3 Bf6 35. Bd2 Be5 36. a5 f4 37. Be1 e3 38. Nd3 Bd6 39. gxf4 gxf4 40. fxe3 dxe3 41. b6 axb6 42. axb6 Kd8 43. Bh4+ Kc8 44. Nc5 f3 45. h3 Be5 46. b7+ Bxb7 47. Nxb7 Kxb7 48. Be1 Bd4 49. Kf1 e2# 0-1

[Event "Berlin-ch qualification"]
[Site "Berlin-Lichtenrade"]
[Date "2012.04.14"]
[Round "9.9"]
[White "Hohn, August"]
[Black "Rohrbach, Stephan"]
[Result "1/2-1/2"]
[WhiteElo "2046"]
[BlackElo "1863"]
[PlyCount "27"]
[EventDate "2012.04.08"]
[EventType "swiss"]
[EventRounds "9"]
[EventCountry "GER"]
[SourceTitle "EXT 2022"]
[Source "ChessBase"]
[SourceDate "2021.10.06"]
[SourceVersion "1"]
[SourceVersionDate "2021.10.06"]
[SourceQuality "1"]

1. c4 g6 2. Nc3 Bg7 3. g3 d6 4. Bg2 c6 5. Nf3 f5 6. d4 Nf6 7. 0-0 0-0 8. Qc2 Qc7 9. c5 Kh8 10. Bf4 a6 11. Rac1 Nh5 12. Bg5 dxc5 13. dxc5 h6 14. Bd2 1/2-1/2

[Event "Berlin Eckbauer op 13th"]
[Site "Berlin"]
[Date "2010.10.11"]
[Round "5.6"]
[White "Jaeger, Andre"]
[Black "Rohrbach, Stephan"]
[Result "1-0"]
[WhiteElo "2051"]
[BlackElo "1892"]
[PlyCount "57"]
[EventDate "2010.09.13"]
[EventType "swiss"]
[EventRounds "7"]
[EventCountry "GER"]
[SourceTitle "EXT 2022"]
[Source "ChessBase"]
[SourceDate "2021.10.06"]
[SourceVersion "1"]
[SourceVersionDate "2021.10.06"]
[SourceQuality "1"]

1. d4 Nf6 2. c4 d6 3. Nf3 Nbd7 4. Nc3 e5 5. e4 Be7 6. Be2 0-0 7. 0-0 exd4 8. Nxd4 Nc5 9. Qc2 a5 10. b3 Re8 11. f3 Bf8 12. Bg5 h6 13. Bh4 g5 14. Bf2 Bg7 15. Rad1 Nh5 16. g3 Nf6 17. Rfe1 Na6 18. Bf1 Nb4 19. Qd2 Bd7 20. a3 Nc6 21. Ndb5 Ne5 22. Bg2 Bxb5 23. Nxb5 a4 24. Qc2 axb3 25. Qxb3 Qc8 26. Bd4 Nc6 27. Bb2 Na5 28. Qc2 Re7 29. Nd4 1-0

[Event "Berlin Eckbauer op 13th"]
[Site "Berlin"]
[Date "2010.09.20"]
[Round "2.1"]
[White "Rohrbach, Stephan"]
[Black "Von Herman, Ulf"]
[Result "0-1"]
[WhiteElo "1892"]
[BlackElo "2400"]
[PlyCount "64"]
[EventDate "2010.09.13"]
[EventType "swiss"]
[EventRounds "7"]
[EventCountry "GER"]
[SourceTitle "EXT 2022"]
[Source "ChessBase"]
[SourceDate "2021.10.06"]
[SourceVersion "1"]
[SourceVersionDate "2021.10.06"]
[SourceQuality "1"]

1. f4 g6 2. Nf3 d5 3. e3 Bg7 4. d4 Nh6 5. Bd3 0-0 6. 0-0 c5 7. c3 Bf5 8. Bxf5 Nxf5 9. g4 Nd6 10. Nbd2 Nd7 11. Qe1 e6 12. Qg3 Nf6 13. h4 h5 14. dxc5 hxg4 15. cxd6 gxf3 16. Qxf3 Qxd6 17. e4 Qc5+ 18. Kg2 dxe4 19. Nxe4 Nxe4 20. Qxe4 Rad8 21. Be3 Qb5 22. Rf2 a6 23. Rh1 Qh5 24. Rf3 b5 25. Kg3 Rd5 26. Rf2 Rfd8 27. Qf3 Qf5 28. h5 gxh5 29. Rfh2 Qg6+ 30. Kf2 Rd2+ 31. Bxd2 Rxd2+ 32. Ke1 Rxh2 0-1

[Event "Berlin Eckbauer op 11th"]
[Site "Berlin"]
[Date "2008.09.29"]
[Round "4.9"]
[White "Rohrbach, Stephan"]
[Black "Kampf, Guenther"]
[Result "0-1"]
[WhiteElo "1895"]
[BlackElo "2037"]
[PlyCount "38"]
[EventDate "2008.09.08"]
[EventType "swiss"]
[EventRounds "6"]
[EventCountry "GER"]
[SourceTitle "EXT 2022"]
[Source "ChessBase"]
[SourceDate "2021.10.06"]
[SourceVersion "1"]
[SourceVersionDate "2021.10.06"]
[SourceQuality "1"]

1. d4 d5 2. Nf3 Nf6 3. e3 b6 4. Nbd2 Bb7 5. b3 e6 6. Bb2 Be7 7. Bd3 Nbd7 8. 0-0 0-0 9. Ne5 c5 10. Ndf3 Ne4 11. Nxd7 Qxd7 12. Ne5 Qc7 13. Qh5 f5 14. Qe2 Bd6 15. f4 Rac8 16. Rf3 c4 17. bxc4 Bxe5 18. Bxe4 dxe4 19. Rh3 Bf6 0-1

[Event "Berlin Eckbauer op 10th"]
[Site "Berlin"]
[Date "2007.11.06"]
[Round "7"]
[White "Rohrbach, Stephan"]
[Black "Dauth, Benjamin"]
[Result "0-1"]
[WhiteElo "1865"]
[BlackElo "2321"]
[PlyCount "78"]
[EventDate "2007.08.18"]
[EventType "swiss"]
[EventRounds "7"]
[EventCountry "GER"]
[SourceTitle "EXT 2022"]
[Source "ChessBase"]
[SourceDate "2021.10.06"]
[SourceVersion "1"]
[SourceVersionDate "2021.10.06"]
[SourceQuality "1"]

1. d4 Nf6 2. Nf3 b5 3. e3 a6 4. Bd3 Bb7 5. Nbd2 d5 6. 0-0 e6 7. a4 c5 8. dxc5 b4 9. Nb3 Nbd7 10. c6 Bxc6 11. Nfd4 Bb7 12. Bd2 Bd6 13. h3 0-0 14. Qe1 a5 15. Nb5 Be7 16. Rd1 Nb6 17. Ra1 Nc4 18. Bc1 Qb6 19. N5d4 Rfc8 20. f4 Ne4 21. Nf3 Bf6 22. Nbd4 e5 23. fxe5 Nxe5 24. Nxe5 Bxe5 25. Bxe4 dxe4 26. c3 bxc3 27. bxc3 Ba6 28. Rf5 f6 29. Rh5 g6 30. Rh6 f5 31. Bd2 Bg7 32. Nxf5 Bxh6 33. Nxh6+ Kg7 34. Rb1 Qc6 35. c4 Kxh6 36. Qh4+ Kg7 37. Bc3+ Kg8 38. Rb6 Qxc4 39. Qf6 Qxc3 0-1

[Event "Berlin Eckbauer op 09th"]
[Site "Berlin"]
[Date "2006.11.20"]
[Round "7"]
[White "Rohrbach, Stephan"]
[Black "Biebelmann, Gerd"]
[Result "1-0"]
[WhiteElo "1912"]
[BlackElo "1840"]
[PlyCount "143"]
[EventDate "2006.10.09"]
[EventType "swiss"]
[EventRounds "7"]
[EventCountry "GER"]
[SourceTitle "EXT 2022"]
[Source "ChessBase"]
[SourceDate "2021.10.06"]
[SourceVersion "1"]
[SourceVersionDate "2021.10.06"]
[SourceQuality "1"]

1. f4 Nf6 2. Nf3 c5 3. e3 Nc6 4. b3 g6 5. Bb2 Bg7 6. Bb5 a6 7. Bxc6 bxc6 8. 0-0 d5 9. Qe1 0-0 10. d3 Qb6 11. Nc3 Bf5 12. Na4 Qb5 13. c4 Qb4 14. Bc3 Qa3 15. Ne5 Ng4 16. Nxg4 Bxg4 17. Bxg7 Kxg7 18. h3 Bf5 19. cxd5 cxd5 20. e4 dxe4 21. dxe4 Bd7 22. Qc3+ Kg8 23. Qxc5 Qxc5+ 24. Nxc5 Bb5 25. Rfd1 Rac8 26. Rac1 a5 27. Kf2 Rc7 28. Rc3 Rfc8 29. Rdc1 Rd8 30. Ke3 Rd6 31. g4 f6 32. f5 Kf7 33. a4 Bd7 34. Nd3 Rb7 35. e5 fxe5 36. Nxe5+ Kf6 37. Nxd7+ Rbxd7 38. fxg6 hxg6 39. Rc6 Kg5 40. Rxd6 exd6 41. Kd4 Kf4 42. Kd5 Rb7 43. Rc4+ Kg5 44. Kxd6 Rxb3 45. Rc5+ Kf4 46. Rxa5 Rxh3 47. g5 Ra3 48. Ke6 Rc3 49. Rb5 Rc6+ 50. Kd7 Ra6 51. a5 Ra7+ 52. Kc6 Ra6+ 53. Kb7 Re6 54. a6 Re7+ 55. Kb6 Re6+ 56. Ka5 Re7 57. Kb6 Re6+ 58. Ka5 Re7 59. Rc5 Kg4 60. Kb6 Kh5 61. a7 Re8 62. Rb5 Rf8 63. Ka6 Re8 64. Rb8 Re6+ 65. Kb5 Re5+ 66. Kc4 Ra5 67. a8Q Rxa8 68. Rxa8 Kxg5 69. Kd3 Kf4 70. Rf8+ Kg4 71. Ke2 g5 72. Kf2 1-0

[Event "Berlin op 09"]
[Site "Berlin"]
[Date "2005.09.26"]
[Round "4"]
[White "Klugow, Eckehard"]
[Black "Rohrbach, Stephan"]
[Result "0-1"]
[WhiteElo "1649"]
[BlackElo "1879"]
[PlyCount "88"]
[EventDate "2005.09.05"]
[EventType "swiss"]
[EventRounds "7"]
[EventCountry "GER"]
[SourceTitle "EXT 2007"]
[Source "ChessBase"]
[SourceDate "2006.11.23"]
[SourceVersion "1"]
[SourceVersionDate "2006.11.23"]
[SourceQuality "1"]

1. d4 Nf6 2. c4 d6 3. Nc3 Bf5 4. f3 e5 5. d5 e4 6. g4 Nxg4 7. fxg4 Qh4+ 8. Kd2 Qxg4 9. e3 Qh4 10. Qe1 Qe7 11. Nge2 Nd7 12. Ng3 Bg6 13. Bg2 Ne5 14. b3 f5 15. Qf1 Qf6 16. Nge2 Be7 17. Nf4 Bf7 18. h4 0-0-0 19. Bb2 g6 20. Kc2 h6 21. Nb5 g5 22. Ne6 Bxe6 23. dxe6 c5 24. Nxa7+ Kb8 25. Nb5 Qxe6 26. Qe1 Bf6 27. Qa5 Nc6 28. Qc7+ Ka8 29. Qb6 Rd7 30. Rad1 Bxb2 31. Kxb2 Qe5+ 32. Kb1 g4 33. Rd2 Rhd8 34. Rhd1 Qg3 35. a4 Qxe3 36. Kb2 Qg3 37. a5 Qe5+ 38. Kb1 Qg3 39. Rb2 d5 40. a6 dxc4 41. axb7+ Kb8 42. Rxd7 Qe1+ 43. Ka2 Nb4+ 44. Ka3 Qa1+ 0-1

[Event "Berlin op 09"]
[Site "Berlin"]
[Date "2005.09.12"]
[Round "2"]
[White "Zierke, Marcel"]
[Black "Rohrbach, Stephan"]
[Result "0-1"]
[WhiteElo "1403"]
[BlackElo "1879"]
[PlyCount "82"]
[EventDate "2005.09.05"]
[EventType "swiss"]
[EventRounds "7"]
[EventCountry "GER"]
[SourceTitle "EXT 2007"]
[Source "ChessBase"]
[SourceDate "2006.11.23"]
[SourceVersion "1"]
[SourceVersionDate "2006.11.23"]
[SourceQuality "1"]

1. e4 e6 2. d4 d5 3. Bd3 dxe4 4. Bxe4 Nf6 5. Bd3 c5 6. c3 Nc6 7. Nf3 Bd7 8. 0-0 Rc8 9. Re1 cxd4 10. cxd4 Nb4 11. a3 Nxd3 12. Qxd3 Be7 13. Nc3 Bc6 14. Ne5 h6 15. h3 Bd6 16. Qg3 Rg8 17. Qe3 Bd5 18. Qe2 Bb8 19. Bf4 g5 20. Bh2 g4 21. hxg4 Bxe5 22. Qxe5 Rxg4 23. Nxd5 Qxd5 24. Qxd5 Nxd5 25. Re5 Kd7 26. Rh5 Rg6 27. Rh3 Rc2 28. Rb3 b6 29. a4 Rd2 30. Bb8 a5 31. Ba7 Kc7 32. Rf3 f5 33. b4 Nxb4 34. Rc3+ Kb7 35. Bxb6 Kxb6 36. Rac1 Rxd4 37. Rc8 Rd7 38. R1c5 Kb7 39. Re8 Nc6 40. Rb5+ Kc7 41. Ra8 Rd5 0-1

[Event "Berlin Neukoelln op 7th"]
[Site "Berlin"]
[Date "2001.06.15"]
[Round "6"]
[White "Ilia, Naim"]
[Black "Rohrbach, Stephan"]
[Result "1/2-1/2"]
[WhiteElo "1933"]
[BlackElo "1977"]
[PlyCount "126"]
[EventDate "2001.05.11"]
[EventType "swiss"]
[EventRounds "7"]
[EventCountry "GER"]
[SourceTitle "EXT 2022"]
[Source "ChessBase"]
[SourceDate "2021.10.06"]
[SourceVersion "1"]
[SourceVersionDate "2021.10.06"]
[SourceQuality "1"]

1. e4 e6 2. b3 d5 3. e5 c5 4. d4 cxd4 5. Nf3 Nc6 6. Bd3 Bb4+ 7. Bd2 Nge7 8. 0-0 Ng6 9. Re1 Qb6 10. c3 dxc3 11. Nxc3 Bxc3 12. Bxc3 Bd7 13. Qd2 Rc8 14. Bb2 0-0 15. Qg5 Qb4 16. g3 Qe7 17. Qh5 Nb4 18. Ba3 Rc3 19. Rad1 a5 20. Bb1 Rfc8 21. Ng5 h6 22. Nh3 Qe8 23. Bb2 R3c7 24. Re2 Bb5 25. Red2 Nc6 26. f4 Qf8 27. Bxg6 fxg6 28. Qxg6 Qf7 29. Qxf7+ Rxf7 30. Nf2 a4 31. Ba3 axb3 32. axb3 Na5 33. Rb1 Rc3 34. Rdb2 Rfc7 35. Bb4 Rc1+ 36. Kg2 Rxb1 37. Rxb1 Nc6 38. Rc1 Rf7 39. Bd6 Rd7 40. Rc5 Nd4 41. b4 Bc6 42. Kh3 Nb5 43. Nd3 Nxd6 44. exd6 Rxd6 45. b5 Be8 46. Rc8 Kf7 47. Kg4 Ke7 48. Nc5 Bxb5 49. Rc7+ Kf6 50. Rxb7 Be2+ 51. Kh3 g5 52. Rb2 Bf1+ 53. Kg4 gxf4 54. gxf4 Bc4 55. Rd2 Rd8 56. Ne4+ Ke7 57. Ng3 Rg8+ 58. Kf3 Rf8 59. Ke3 Kf6 60. Kd4 Rc8 61. Nh5+ Kf5 62. Ng7+ Kf6 63. Nh5+ Kf5 1/2-1/2